[Event "IV Festival Piemonte Scacchi A"]
[Site "Torino ITA"]
[Date "2002.09.??"]
[Round "3"]
[White "Vozza, Nicola"]
[Black "Brancaleoni, Maurizio"]
[Result "0-1"]
[WhiteElo "1825"]
[BlackElo "2249"]
[PlyCount "80"]
[EventDate "2002.09.25"]

1. d4 Nf6 2. c4 e6 3. Nc3 Bb4 4. e3 c5 5. Nge2 b6 6. a3 Ba5 7. Rb1 Na6 8. Bd2
O-O 9. Nf4 d6 10. Qf3 Rb8 11. Bd3 Bb7 12. d5 exd5 13. Nfxd5 Nxd5 14. cxd5 Bxc3
15. Bxc3 Qg5 16. h4 Qe7 17. Rh3 f5 18. Rg3 Rf7 19. Qh5 Rbf8 20. Rg5 Bc8 21. g4
c4 22. Bxf5 Bxf5 23. gxf5 Nc5 24. f6 Qe4 25. Rd1 Qc2 26. Qh6 g6 27. Rd2 Qb1+
28. Ke2 Nb3 29. Rd1 Qc2+ 30. Ke1 Nc1 31. Rd2 Qe4 32. Kd1 Qb1 33. Ke1 Nd3+ 34.
Ke2 Rxf6 35. Bxf6 Qe1+ 36. Kf3 Rxf6+ 37. Kg3 Qg1+ 38. Kh3 Rf3+ 39. Rg3 Qh1+ 40.
Kg4 Ne5+ 0-1

[Event "IV Festival Piemonte Scacchi A"]
[Site "Torino ITA"]
[Date "2002.09.??"]
[Round "3"]
[White "Xausa, Flavio"]
[Black "Guglielmi, Nicolo'"]
[Result "1-0"]
[WhiteElo "1867"]
[BlackElo "1776"]
[PlyCount "53"]
[EventDate "2002.09.25"]

1. e4 c5 2. Nf3 e6 3. d3 d5 4. Nbd2 Nc6 5. g3 Nf6 6. Bg2 Be7 7. O-O O-O 8. Re1
Re8 9. h4 dxe4 10. dxe4 e5 11. c3 Bg4 12. Qc2 Qc7 13. Nc4 Nd7 14. Ne3 Be6 15.
Nd5 Qc8 16. Bf1 a6 17. a4 Rb8 18. b3 f6 19. Be3 Bd8 20. h5 b6 21. Nh4 Ne7 22.
Bg2 Nf8 23. Bf3 c4 24. b4 Qc6 25. Red1 Nd7 26. Nf5 Qc8 27. Nd6 1-0

[Event "IV Festival Piemonte Scacchi A"]
[Site "Torino ITA"]
[Date "2002.09.??"]
[Round "4"]
[White "Brancaleoni, Maurizio"]
[Black "De Santis, Alessio"]
[Result "1-0"]
[WhiteElo "2249"]
[BlackElo "2243"]
[PlyCount "110"]
[EventDate "2002.09.25"]

1. e4 c5 2. Nc3 e6 3. Nf3 a6 4. g3 Nc6 5. Bg2 Be7 6. d4 cxd4 7. Nxd4 Qb6 8. Nb3
h5 9. h3 d6 10. a4 Bd7 11. O-O Ne5 12. a5 Qc7 13. Re1 g5 14. Na4 Bxa4 15. Rxa4
Rc8 16. Nd4 g4 17. Ra3 Nf6 18. Rc3 Qd8 19. Rxc8 Qxc8 20. h4 Nfd7 21. Bd2 Qd8
22. Qa1 Rg8 23. Qa2 Rg6 24. Qb3 Nc5 25. Qc3 Bf6 26. b4 Ncd7 27. Qb3 Qc7 28. Bf1
Nc4 29. Nxe6 fxe6 30. Qxc4 Qxc4 31. Bxc4 Ne5 32. Be2 Rg7 33. Kg2 Rc7 34. c3 Nc4
35. Bxc4 Rxc4 36. f3 gxf3+ 37. Kxf3 Kf7 38. Ke3 Be5 39. Kd3 Rc8 40. Rf1+ Ke7
41. Bg5+ Ke8 42. c4 Rc7 43. Rf3 Rg7 44. b5 Rc7 45. b6 Rc5 46. Bd2 Rc8 47. Bf4
Rc5 48. Bd2 Rc8 49. Be1 Rc5 50. Rf1 Ke7 51. Rg1 Kf7 52. g4 hxg4 53. Rxg4 Bf6
54. Bb4 Rh5 55. Bxd6 Rxa5 1-0

[Event "IV Festival Piemonte Scacchi A"]
[Site "Torino ITA"]
[Date "2002.09.??"]
[Round "4"]
[White "Diana, Riccardo"]
[Black "Blundo, Michele"]
[Result "1-0"]
[WhiteElo "2134"]
[BlackElo "1528"]
[PlyCount "46"]
[EventDate "2002.09.25"]

1. e4 c5 2. c3 e6 3. d4 cxd4 4. cxd4 d5 5. exd5 exd5 6. Nc3 Nf6 7. Nf3 Be7 8.
Bd3 Bg4 9. Qa4+ Bd7 10. Qb3 Nc6 11. O-O O-O 12. Nxd5 Nxd5 13. Qxd5 Nb4 14. Qe4
Nxd3 15. Qxd3 Be6 16. Ne5 Bd5 17. Be3 a6 18. b3 Rc8 19. Rfc1 Bd6 20. Rxc8 Qxc8
21. Rc1 Qe6 22. f4 f5 23. Bd2 23... Rc8 {...} 1-0

[Event "IV Festival Piemonte Scacchi A"]
[Site "Torino ITA"]
[Date "2002.09.??"]
[Round "4"]
[White "Rinolfi, Simone"]
[Black "Rotundo, Raffaele"]
[Result "0-1"]
[WhiteElo "1500"]
[BlackElo "1810"]
[PlyCount "82"]
[EventDate "2002.09.25"]

1. e4 e5 2. Nf3 Nf6 3. Nc3 Bb4 4. d3 d5 5. Bd2 Nc6 6. exd5 Nxd5 7. Nxd5 Bxd2+
8. Qxd2 Qxd5 9. Be2 O-O 10. O-O Bg4 11. c4 Qd6 12. Rad1 Rad8 13. Ng5 Bf5 14. f3
Nb4 15. Ne4 Qd4+ 16. Kh1 Bxe4 17. fxe4 Na6 18. a3 Nc5 19. Qb4 Rd6 20. Qe1 Qxb2
21. Qf2 b6 22. Rb1 Qd4 23. Qxd4 Rxd4 24. Rbd1 Rfd8 25. Rf3 Nxe4 26. Rdf1 Nd2
27. Rxf7 Nxf1 28. Rxf1 Rf8 29. Rc1 Rf2 30. Bf1 Rdf4 31. Kg1 Kf7 32. h3 Ke6 33.
Re1 Ra2 34. g3 Rd4 35. Be2 Rxa3 36. Bg4+ Kd6 37. Rf1 Rdxd3 38. Rf7 Rxg3+ 39.
Kf2 e4 40. Rd7+ Kc6 41. Rxg7 Raf3+ 0-1

[Event "IV Festival Piemonte Scacchi A"]
[Site "Torino ITA"]
[Date "2002.09.??"]
[Round "4"]
[White "Trotto, Pierangelo"]
[Black "Pepino, Enrico"]
[Result "1/2-1/2"]
[WhiteElo "1755"]
[BlackElo "2096"]
[PlyCount "103"]
[EventDate "2002.09.25"]

1. e4 c5 2. Nf3 d6 3. d4 cxd4 4. Nxd4 Nf6 5. Nc3 g6 6. Be3 Bg7 7. Bc4 O-O 8. f3
Nc6 9. Qd2 Bd7 10. O-O-O b5 11. Bxb5 Ne5 12. Be2 Rb8 13. Nb3 Qc7 14. g4 Be6 15.
g5 Nfd7 16. Nd5 Bxd5 17. Qxd5 Rfc8 18. c3 Nb6 19. Bxb6 Qxb6 20. Kb1 Nd7 21. Rd2
Nc5 22. Bc4 e6 23. Qxd6 Rc6 24. Qe7 Bf8 25. Qf6 Bg7 26. Qf4 Na4 27. Rd7 Rf8 28.
Bd3 Nxb2 29. Kxb2 Rxc3 30. e5 Rc7 31. Rxc7 Qxc7 32. Re1 Rd8 33. Qe4 a5 34. a4
Bf8 35. Rc1 Qe7 36. Qc4 Qa3+ 37. Kb1 Rc8 38. Qb5 Rd8 39. Rc7 Bb4 40. Qc4 Qxa4
41. Rc8 Rxc8 42. Qxc8+ Kg7 43. Qc4 Qa3 44. Nc1 Bc3 45. Qb3 Qa1+ 46. Kc2 Bxe5
47. f4 a4 48. Qb4 Bd4 49. Bc4 a3 50. Ne2 Bb2 51. Qb3 Qh1 52. h3 1/2-1/2

[Event "IV Festival Piemonte Scacchi A"]
[Site "Torino ITA"]
[Date "2002.09.??"]
[Round "4"]
[White "Xausa, Flavio"]
[Black "Nazario, Enrico"]
[Result "1/2-1/2"]
[WhiteElo "1867"]
[BlackElo "1765"]
[PlyCount "101"]
[EventDate "2002.09.25"]

1. e4 e6 2. d3 c5 3. Nf3 Nc6 4. g3 b6 5. Bg2 Bb7 6. Nbd2 d5 7. O-O Bd6 8. Re1
Nge7 9. c3 O-O 10. e5 Bc7 11. d4 cxd4 12. cxd4 Nb4 13. Bf1 Ba6 14. Bxa6 Nxa6
15. Nf1 Nb4 16. Kg2 Qe8 17. a3 Nbc6 18. h4 Nd8 19. Bd2 f5 20. exf6 gxf6 21. Bb4
a5 22. Bxe7 Qxe7 23. Ne3 Qg7 24. Qd3 Nf7 25. Nf1 Rfe8 26. N1d2 Nd6 27. Rg1 Rad8
28. Rac1 Kh8 29. Kf1 b5 30. b3 Bb8 31. g4 Qg6 32. Qxg6 hxg6 33. g5 fxg5 34.
Rxg5 Kh7 35. Rg4 Nf5 36. Kg2 Nh6 37. Rg5 Bf4 38. Rh1 Kg7 39. Ne5 Bxg5 40. hxg5
Nf5 41. Ndf3 Rh8 42. Rc1 Rc8 43. Rc5 Rxc5 44. dxc5 b4 45. axb4 axb4 46. Ne1 Nd4
47. N1d3 Rc8 48. Nxb4 Nxb3 49. Nbd3 Nxc5 50. Nf4 d4 51. Kf3 {...} 1/2-1/2

[Event "IV Festival Piemonte Scacchi A"]
[Site "Torino ITA"]
[Date "2002.09.??"]
[Round "5"]
[White "Brancaleoni, Maurizio"]
[Black "Sarno, Spartaco"]
[Result "1/2-1/2"]
[WhiteElo "2249"]
[BlackElo "2399"]
[PlyCount "23"]
[EventDate "2002.09.25"]

1. d4 Nf6 2. c4 g6 3. Nc3 Bg7 4. e4 d6 5. Nge2 O-O 6. Ng3 c5 7. d5 e6 8. Be2
exd5 9. exd5 Nbd7 10. O-O a6 11. Bf4 Ne8 12. Nge4 1/2-1/2

[Event "IV Festival Piemonte Scacchi A"]
[Site "Torino ITA"]
[Date "2002.09.??"]
[Round "5"]
[White "De Santis, Alessio"]
[Black "Ratti, Marco"]
[Result "1-0"]
[WhiteElo "2243"]
[BlackElo "1852"]
[PlyCount "85"]
[EventDate "2002.09.25"]

1. d4 f5 2. g4 fxg4 3. e4 d5 4. e5 Bf5 5. h3 g3 6. fxg3 e6 7. Bd3 Bxd3 8. Qxd3
c5 9. Ne2 Nc6 10. c3 cxd4 11. cxd4 Qb6 12. Nbc3 Nge7 13. Be3 Nf5 14. Nxd5 Qd8
15. Nef4 Nxe5 16. Qb5+ Nc6 17. Nxe6 Qa5+ 18. Qxa5 Nxa5 19. Bd2 Nc4 20. Nec7+
Kd7 21. Nxa8 Nxd2 22. Kxd2 Bb4+ 23. Kd3 Rxa8 24. Rhf1 Nd6 25. a3 Ba5 26. Nc3
Re8 27. Rae1 Rc8 28. b4 Bd8 29. Ne4 Nxe4 30. Rxe4 Bf6 31. g4 h6 32. Rf5 Rc1 33.
Rd5+ Kc6 34. Rc5+ Rxc5 35. bxc5 b6 36. cxb6 axb6 37. Re6+ Kb5 38. a4+ Ka6 39.
Rxf6 gxf6 40. Kc4 Ka5 41. d5 Kxa4 42. d6 b5+ 43. Kc5 1-0

[Event "IV Festival Piemonte Scacchi A"]
[Site "Torino ITA"]
[Date "2002.09.??"]
[Round "5"]
[White "Macario, Marco"]
[Black "Trotto, Pierangelo"]
[Result "0-1"]
[WhiteElo "1500"]
[BlackElo "1755"]
[PlyCount "87"]
[EventDate "2002.09.25"]

1. g3 e5 2. Bg2 d6 3. d3 c6 4. c4 Nf6 5. Nf3 Be7 6. Nc3 O-O 7. O-O Be6 8. Ng5
Bf5 9. f4 exf4 10. Rxf4 Bg6 11. Nce4 Nbd7 12. Kh1 Ne5 13. Nxf6+ Bxf6 14. Ne4
Be7 15. b3 Qb6 16. Ba3 Rad8 17. Qc2 Qa5 18. Bb2 f5 19. Bc3 Qb6 20. Nd2 Ng4 21.
Bd4 Qc7 22. h3 Ne5 23. Raf1 Bg5 24. R4f2 h5 25. h4 Bh6 26. Bxe5 dxe5 27. Bh3 e4
28. Rg2 Qd6 29. c5 Qd5 30. Nc4 exd3 31. exd3 f4 32. Re1 Qxd3 33. Qb2 Be4 34.
Ne5 Bxg2+ 35. Bxg2 Qxg3 36. Nf3 Rd3 37. Qe5 Rxf3 38. Qe6+ Kh8 39. Qe7 Rg8 40.
Bxf3 Qxf3+ 41. Kg1 Qg3+ 42. Kh1 f3 43. Re2 fxe2 44. Qxe2 0-1

[Event "IV Festival Piemonte Scacchi A"]
[Site "Torino ITA"]
[Date "2002.09.??"]
[Round "5"]
[White "Nazario, Enrico"]
[Black "Sorcinelli, Francesco"]
[Result "1/2-1/2"]
[WhiteElo "1765"]
[BlackElo "1965"]
[PlyCount "65"]
[EventDate "2002.09.25"]

1. d4 Nf6 2. c4 c5 3. d5 e6 4. Nc3 exd5 5. cxd5 d6 6. e4 g6 7. f3 Bg7 8. Be3
O-O 9. Qd2 Re8 10. Bd3 Na6 11. Nge2 Nc7 12. g4 Rb8 13. Ng3 Qe7 14. Kf2 b5 15.
h4 c4 16. Bc2 b4 17. Nce2 c3 18. bxc3 bxc3 19. Nxc3 Rb2 20. Rab1 Rxc2 21. Qxc2
Bxg4 22. Qd2 Rc8 23. fxg4 Nxg4+ 24. Kg2 Nb5 25. Rxb5 Bxc3 26. Qxc3 Rxc3 27.
Rb8+ Kg7 28. Bd4+ f6 29. Bxc3 Qc7 30. Rb3 Qc5 31. Rb7+ Kg8 32. Rb8+ Kg7 33.
Rb7+ 1/2-1/2

[Event "IV Festival Piemonte Scacchi A"]
[Site "Torino ITA"]
[Date "2002.09.??"]
[Round "5"]
[White "Pepino, Enrico"]
[Black "Bonessa, Luca"]
[Result "1-0"]
[WhiteElo "2096"]
[BlackElo "1507"]
[PlyCount "35"]
[EventDate "2002.09.25"]

1. e4 e5 2. Nf3 Nc6 3. d4 exd4 4. Nxd4 Bc5 5. Be3 Nxd4 6. Bxd4 Bxd4 7. Qxd4 Qf6
8. e5 Qg6 9. Qd2 Ne7 10. Nc3 a6 11. O-O-O b5 12. f3 O-O 13. Kb1 f6 14. exf6 Nc6
15. fxg7 Qxg7 16. h4 Rb8 17. Qg5 d6 18. Qd5+ 1-0

[Event "IV Festival Piemonte Scacchi A"]
[Site "Torino ITA"]
[Date "2002.09.??"]
[Round "5"]
[White "Rotundo, Raffaele"]
[Black "Fuggetta, Leonardo"]
[Result "1-0"]
[WhiteElo "1810"]
[BlackElo "2051"]
[PlyCount "63"]
[EventDate "2002.09.25"]

1. e4 c5 2. c3 e6 3. d4 cxd4 4. cxd4 d5 5. e5 Be7 6. Nf3 a6 7. Nc3 Bd7 8. Bd3
b5 9. a3 Nc6 10. O-O h5 11. Be3 Nh6 12. h3 Bc8 13. Rc1 Bb7 14. Nd2 g6 15. Qf3
Nf5 16. Nb3 Rb8 17. Ne2 Kd7 18. Nc5+ Kc7 19. Bd2 Kb6 20. Nxb7 Kxb7 21. Bxf5
gxf5 22. Qb3 Qb6 23. Be3 Rhg8 24. Nf4 Na5 25. Qd1 h4 26. Qf3 Nc4 27. b3 Nxe3
28. fxe3 Rg3 29. Qh5 Rbg8 30. Qxf7 R8g7 31. Qxe6 Rxe3 32. Qc8+ 1-0

[Event "IV Festival Piemonte Scacchi A"]
[Site "Torino ITA"]
[Date "2002.09.??"]
[Round "5"]
[White "Xausa, Flavio"]
[Black "Gussone, Claudio"]
[Result "1/2-1/2"]
[WhiteElo "1867"]
[BlackElo "1575"]
[PlyCount "139"]
[EventDate "2002.09.25"]

1. c4 Nf6 2. Nf3 g6 3. g3 Bg7 4. Bg2 O-O 5. d4 d6 6. Nc3 Na6 7. O-O c5 8. d5
Nc7 9. e4 e6 10. Bg5 h6 11. Bxf6 Bxf6 12. Re1 exd5 13. cxd5 Re8 14. Qd3 Rb8 15.
Rad1 Bg4 16. h3 Bxf3 17. Bxf3 b5 18. Qc2 b4 19. Na4 Nb5 20. Nxc5 Nd4 21. Rxd4
Bxd4 22. Nb3 Be5 23. Bg2 Qb6 24. Kh2 Rbc8 25. Qd2 Bg7 26. Bf1 a5 27. Kg2 a4 28.
Nc1 a3 29. bxa3 Bc3 30. Qe3 Qxe3 31. Rxe3 Bd2 32. Nb3 Bxe3 33. fxe3 Rc2+ 34.
Kf3 Rxa2 35. axb4 Rb2 36. Nd4 Rxb4 37. Bd3 h5 38. Kf4 Kg7 39. h4 Rb2 40. Kf3
Rd2 41. Bc4 Kf6 42. Nc6 g5 43. hxg5+ Kxg5 44. Nd4 Rb8 45. Ne2 Rbb2 46. Ba6 Kf6
47. Bc4 Ke5 48. Ba6 Rxe2 49. Bxe2 Rxe2 50. Kxe2 Kxe4 51. Kf2 Kxd5 52. Ke2 Ke4
53. Kf2 d5 54. Ke2 Kf5 55. Kf3 f6 56. Ke2 Ke4 57. Kf2 d4 58. exd4 Kxd4 59. Kf3
Ke5 60. Ke3 Kf5 61. Kf3 Kg5 62. Kg2 Kg4 63. Kf2 h4 64. gxh4 Kxh4 65. Kf3 Kg5
66. Kg3 f5 67. Kf3 f4 68. Kf2 Kg4 69. Kg2 f3+ 70. Kf1 1/2-1/2

[Event "IV Festival Piemonte Scacchi A"]
[Site "Torino ITA"]
[Date "2002.09.??"]
[Round "6"]
[White "Diana, Riccardo"]
[Black "Xausa, Flavio"]
[Result "1-0"]
[WhiteElo "2134"]
[BlackElo "1867"]
[PlyCount "87"]
[EventDate "2002.09.25"]

1. e4 c5 2. c3 Nf6 3. e5 Nd5 4. d4 cxd4 5. Nf3 e6 6. Qxd4 Nc6 7. Qe4 f5 8. Qe2
Be7 9. g3 b6 10. Bg2 Bb7 11. O-O O-O 12. c4 Nc7 13. Nc3 a6 14. Be3 b5 15. Bb6
bxc4 16. Qxc4 Rc8 17. Rad1 Qe8 18. Qd3 Nb8 19. Rfe1 Bb4 20. Re2 Bxc3 21. bxc3
a5 22. Red2 Nd5 23. Bxa5 Ba6 24. Qc2 Rc5 25. Qa4 Nxc3 26. Bxc3 Rxc3 27. Rb2 d5
28. Qa5 Rc8 29. Rxb8 Rxb8 30. Qxa6 h6 31. Nd4 Kf7 32. Nxe6 Qc8 33. Qxc8 Rfxc8
34. Bxd5 g6 35. Nf4+ Kg7 36. Bb3 Rb7 37. Rd6 g5 38. Nh5+ Kh7 39. Kg2 Re7 40.
Be6 Rb8 41. Bxf5+ Kg8 42. Rxh6 Rxe5 43. Be6+ Kf8 44. Rh8+ 1-0

[Event "IV Festival Piemonte Scacchi A"]
[Site "Torino ITA"]
[Date "2002.09.??"]
[Round "6"]
[White "Mrdja, Milan"]
[Black "Brancaleoni, Maurizio"]
[Result "1/2-1/2"]
[WhiteElo "2370"]
[BlackElo "2249"]
[PlyCount "23"]
[EventDate "2002.09.25"]

1. e4 e5 2. Bc4 Nf6 3. d3 Bc5 4. Nf3 d6 5. O-O a6 6. c3 Ba7 7. Nbd2 O-O 8. a4
Nc6 9. Ba2 Ne7 10. Nc4 Ng6 11. Bg5 h6 12. Be3 1/2-1/2

[Event "IV Festival Piemonte Scacchi A"]
[Site "Torino ITA"]
[Date "2002.09.??"]
[Round "6"]
[White "Ratti, Marco"]
[Black "Gussone, Claudio"]
[Result "1-0"]
[WhiteElo "1852"]
[BlackElo "1575"]
[PlyCount "45"]
[EventDate "2002.09.25"]

1. d4 d6 2. c4 Nf6 3. Nc3 g6 4. e4 Bg7 5. Be2 O-O 6. f4 c5 7. d5 e6 8. Nf3 exd5
9. e5 dxe5 10. fxe5 Ng4 11. Bg5 Qd7 12. cxd5 Nxe5 13. O-O Nxf3+ 14. Bxf3 Bd4+
15. Kh1 Qf5 16. Be7 Re8 17. d6 Qd7 18. Bd5 Rxe7 19. dxe7 Qxe7 20. Rxf7 Qxf7 21.
Bxf7+ Kxf7 22. Nb5 Be5 23. Qd5+ 1-0

[Event "IV Festival Piemonte Scacchi A"]
[Site "Torino ITA"]
[Date "2002.09.??"]
[Round "6"]
[White "Sarno, Spartaco"]
[Black "De Santis, Alessio"]
[Result "1-0"]
[WhiteElo "2399"]
[BlackElo "2243"]
[PlyCount "121"]
[EventDate "2002.09.25"]

1. c4 e5 2. Nc3 Bb4 3. Nd5 Bc5 4. Nf3 e4 5. d4 Bf8 6. Nd2 f5 7. e3 Nf6 8. Nxf6+
Qxf6 9. Be2 Be7 10. O-O O-O 11. f3 exf3 12. Nxf3 Nc6 13. Bd2 d6 14. Qb3 Kh8 15.
Rae1 Rb8 16. Bd3 Bd7 17. Bc3 g6 18. e4 Qg7 19. d5 Ne5 20. Nxe5 dxe5 21. exf5
Bc5+ 22. Kh1 Bd4 23. fxg6 Rxf1+ 24. Rxf1 hxg6 25. Bxd4 exd4 26. Qb4 b6 27. Qe1
Re8 28. Qh4+ Kg8 29. c5 Rf8 30. Rxf8+ Kxf8 31. Qf4+ Kg8 32. c6 Bf5 33. Bxf5
gxf5 34. d6 cxd6 35. Qxd6 Qg5 36. h3 d3 37. c7 Qc1+ 38. Kh2 d2 39. Qg6+ Kh8 40.
Qh6+ Kg8 41. Qe6+ Kg7 42. c8=Q Qxc8 43. Qxc8 d1=Q 44. Qxf5 Qd2 45. Qe5+ Kh7 46.
a3 Qf2 47. b4 a5 48. Qg3 Qd4 49. bxa5 bxa5 50. Qc7+ Kh8 51. Qxa5 Qf4+ 52. Kg1
Qe3+ 53. Kf1 Qf4+ 54. Ke2 Qe4+ 55. Kd1 Qb1+ 56. Kd2 Qb2+ 57. Kd3 Qb1+ 58. Ke3
Qb3+ 59. Kf4 Qf7+ 60. Qf5 Qc4+ 61. Ke5 1-0

[Event "IV Festival Piemonte Scacchi A"]
[Site "Torino ITA"]
[Date "2002.09.??"]
[Round "6"]
[White "Trotto, Pierangelo"]
[Black "Nazario, Enrico"]
[Result "0-1"]
[WhiteElo "1755"]
[BlackElo "1765"]
[PlyCount "24"]
[EventDate "2002.09.25"]

1. e4 c5 2. Nf3 Nc6 3. d4 cxd4 4. Nxd4 e5 5. Nb5 a6 6. Nd6+ Bxd6 7. Qxd6 Qf6 8.
Qa3 Qg6 9. f3 d5 10. exd5 Nd4 11. Kf2 Nxc2 12. Bd3 Qb6+ 0-1

[Event "IV Festival Piemonte Scacchi A"]
[Site "Torino ITA"]
[Date "2002.09.??"]
[Round "6"]
[White "Trussardi, Renato"]
[Black "Rotundo, Raffaele"]
[Result "0-1"]
[WhiteElo "1626"]
[BlackElo "1810"]
[PlyCount "64"]
[EventDate "2002.09.25"]

1. d4 d5 2. c4 dxc4 3. Nc3 c5 4. e3 e6 5. Bxc4 cxd4 6. Bb5+ Bd7 7. Qxd4 Nc6 8.
Qd1 Nf6 9. Nge2 a6 10. Ba4 b5 11. Bc2 b4 12. Ne4 Nd5 13. O-O f5 14. N4g3 Be7
15. Nxf5 O-O 16. e4 Nf6 17. Nxe7+ Qxe7 18. Bf4 e5 19. Bb3+ Kh8 20. Bg5 Rad8 21.
Qc2 Nd4 22. Nxd4 exd4 23. Rad1 Bb5 24. Rfe1 d3 25. Qd2 Qa7 26. Be3 Qb7 27. e5
Ne4 28. Qxb4 d2 29. Bxd2 Rxf2 30. Qxe4 Qxe4 31. Rxe4 Rdxd2 32. Rxd2 Rf1# 0-1

[Event "IV Festival Piemonte Scacchi A"]
[Site "Torino ITA"]
[Date "2002.09.??"]
[Round "7"]
[White "De Santis, Alessio"]
[Black "Sorcinelli, Francesco"]
[Result "1-0"]
[WhiteElo "2243"]
[BlackElo "1965"]
[PlyCount "83"]
[EventDate "2002.09.25"]

1. d4 Nf6 2. c4 g6 3. Nc3 Bg7 4. e4 d6 5. Be2 O-O 6. Bg5 c5 7. d5 b5 8. cxb5 a6
9. b6 Qxb6 10. Rb1 e6 11. dxe6 fxe6 12. Nf3 Nc6 13. O-O Nd4 14. e5 dxe5 15.
Nxe5 Bb7 16. Bc4 Nd5 17. Bxd5 Bxe5 18. Na4 Qc7 19. Bxb7 Qxb7 20. Nxc5 Qb5 21.
b4 Rf5 22. f4 Raf8 23. Re1 Bxf4 24. Qxd4 Bxg5 25. a4 Qb6 26. Nxe6 Qxd4+ 27.
Nxd4 Rd5 28. Ne6 Rff5 29. g4 Rfe5 30. Rxe5 Rxe5 31. Nxg5 Rxg5 32. b5 axb5 33.
axb5 Rxg4+ 34. Kf2 Re4 35. b6 Re8 36. b7 Rb8 37. Ke3 g5 38. Ke4 Kg7 39. Rb6 h6
40. Kf5 Rf8+ 41. Ke5 Rb8 42. Kd6 1-0

[Event "IV Festival Piemonte Scacchi A"]
[Site "Torino ITA"]
[Date "2002.09.??"]
[Round "7"]
[White "Diana, Riccardo"]
[Black "Sarno, Spartaco"]
[Result "0-1"]
[WhiteElo "2134"]
[BlackElo "2399"]
[PlyCount "54"]
[EventDate "2002.09.25"]

1. Nf3 g6 2. g3 Bg7 3. d4 Nf6 4. Bg2 O-O 5. O-O d5 6. Nbd2 c6 7. Ne5 Ng4 8.
Nxg4 Bxg4 9. h3 Bf5 10. c3 Nd7 11. e4 dxe4 12. Nxe4 Re8 13. g4 Bxe4 14. Bxe4 e5
15. Bg2 exd4 16. cxd4 Nb6 17. Be3 Re6 18. a4 Qd7 19. Qd3 Rd6 20. a5 Nd5 21. a6
b6 22. Rfc1 Re8 23. Bxd5 Rxd5 24. Rc4 Re6 25. Rac1 h5 26. Qc2 hxg4 27. hxg4
Bxd4 0-1

[Event "IV Festival Piemonte Scacchi A"]
[Site "Torino ITA"]
[Date "2002.09.??"]
[Round "7"]
[White "Nazario, Enrico"]
[Black "Mrdja, Milan"]
[Result "0-1"]
[WhiteElo "1765"]
[BlackElo "2370"]
[PlyCount "40"]
[EventDate "2002.09.25"]

1. d4 c5 2. d5 Nf6 3. c4 g6 4. Nc3 Bg7 5. e4 d6 6. f3 O-O 7. Be3 e6 8. Qd2 exd5
9. cxd5 Re8 10. Bc4 Nbd7 11. Nge2 Ne5 12. b3 a6 13. a4 Nfd7 14. Rc1 Rb8 15. O-O
Qa5 16. h3 Nxc4 17. bxc4 Ne5 18. Qa2 Qb4 19. Nd1 Bd7 20. Nb2 Qxb2 0-1

[Event "IV Festival Piemonte Scacchi A"]
[Site "Torino ITA"]
[Date "2002.09.??"]
[Round "7"]
[White "Pepino, Enrico"]
[Black "Brancaleoni, Maurizio"]
[Result "0-1"]
[WhiteElo "2096"]
[BlackElo "2249"]
[PlyCount "104"]
[EventDate "2002.09.25"]

1. e4 c6 2. d4 d5 3. Nc3 dxe4 4. Nxe4 Bf5 5. Ng3 Bg6 6. Bc4 e6 7. N1e2 Bd6 8.
O-O Qc7 9. Bb3 Nd7 10. c4 c5 11. Be3 Ngf6 12. Nc3 a6 13. Qe2 cxd4 14. Bxd4 O-O
15. Rfd1 Rac8 16. Rac1 Rfd8 17. c5 Bf4 18. c6 bxc6 19. Be3 Bxe3 20. Qxe3 Ne5
21. Nce4 Nxe4 22. Nxe4 Ng4 23. Rxd8+ Rxd8 24. Qg5 Qxh2+ 25. Kf1 Re8 26. Rd1
Bxe4 27. Qxg4 Bd5 28. Rd3 Qh1+ 29. Ke2 Qc1 30. Rd2 Qc5 31. f3 Qb5+ 32. Kf2 Bxb3
33. axb3 Qxb3 34. Qd4 g6 35. Qd7 Rb8 36. g4 Qb7 37. Qd6 Qb6+ 38. Kg2 c5 39. Qd7
Qb5 40. Qd6 c4 41. Kh3 h5 42. g5 Qf5+ 43. Kh2 Rb5 44. f4 Rd5 45. Qb8+ Kg7 46.
Rg2 Rd3 47. Qe5+ Qxe5 48. fxe5 Rb3 49. Rc2 Rb4 50. Kg3 Kf8 51. Kf3 Ke7 52. Rd2
Rb3+ 0-1

[Event "IV Festival Piemonte Scacchi A"]
[Site "Torino ITA"]
[Date "2002.09.??"]
[Round "7"]
[White "Rotundo, Raffaele"]
[Black "Ratti, Marco"]
[Result "0-1"]
[WhiteElo "1810"]
[BlackElo "1852"]
[PlyCount "88"]
[EventDate "2002.09.25"]

1. d4 f5 2. c4 g6 3. g3 Bg7 4. Bg2 Nf6 5. Nf3 O-O 6. O-O d6 7. Nc3 Nc6 8. Qc2
a6 9. Rd1 Qe8 10. Bg5 e6 11. d5 Nd8 12. Nd2 e5 13. e4 Nf7 14. Bxf6 Bxf6 15. b4
f4 16. c5 h5 17. Rac1 h4 18. Ne2 hxg3 19. hxg3 fxg3 20. fxg3 Bg5 21. Qd3 Bd7
22. Nc3 Nh6 23. Rf1 Ng4 24. Rf3 Qe7 25. Rcf1 Rxf3 26. Rxf3 dxc5 27. Nc4 cxb4
28. d6 Qh7 29. Qd5+ Kh8 30. Nxe5 Be3+ 31. Kf1 Nh2+ 32. Ke2 Nxf3 33. Bxf3 Bb6
34. Nf7+ Kg7 35. Ng5 Qg8 36. Qe5+ Kh6 37. Nd5 Rf8 38. Ke1 Qg7 39. Qxg7+ Kxg7
40. dxc7 Ba5 41. Ke2 Kh6 42. Nh3 Bxh3 43. g4 Rc8 44. e5 Bxc7 0-1

[Event "IV Festival Piemonte Scacchi A"]
[Site "Torino ITA"]
[Date "2002.09.??"]
[Round "7"]
[White "Vozza, Nicola"]
[Black "Trotto, Pierangelo"]
[Result "1-0"]
[WhiteElo "1825"]
[BlackElo "1755"]
[PlyCount "35"]
[EventDate "2002.09.25"]

1. d4 d5 2. c4 e6 3. Nc3 c6 4. e3 Bd6 5. Nf3 Nd7 6. Bd3 Ngf6 7. e4 dxe4 8. Nxe4
Nxe4 9. Bxe4 O-O 10. O-O Nf6 11. Bc2 h6 12. Qe2 c5 13. dxc5 Bxc5 14. Bd2 a5 15.
Bc3 b6 16. Bxf6 Qxf6 17. Qe4 Re8 18. Qxa8 1-0

[Event "IV Festival Piemonte Scacchi A"]
[Site "Torino ITA"]
[Date "2002.09.??"]
[Round "7"]
[White "Xausa, Flavio"]
[Black "D'Amato, Piergiorgio"]
[Result "0-1"]
[WhiteElo "1867"]
[BlackElo "1671"]
[PlyCount "72"]
[EventDate "2002.09.25"]

1. e4 d6 2. d4 g6 3. Nc3 Bg7 4. Be3 Nf6 5. f3 O-O 6. Qd2 c6 7. Nge2 Na6 8. g4
Nc7 9. O-O-O Qe8 10. Ng3 Nd7 11. h4 e5 12. h5 exd4 13. Bxd4 Ne5 14. Be2 Nb5 15.
Nxb5 cxb5 16. Be3 Be6 17. Bh6 Bh8 18. Bxf8 Qxf8 19. Rdg1 Qg7 20. Nf5 Bxf5 21.
gxf5 Nc4 22. Qc3 Qh6+ 23. Kb1 Bxc3 24. hxg6 Qd2 25. Bxc4 bxc4 26. bxc3 Qxc3 27.
Rxh7 fxg6 28. Rxb7 Qd4 29. Rxg6+ Kf8 30. f6 c3 31. Ka1 Qd1+ 32. Rb1 Qxc2 33.
Rh6 Kg8 34. f7+ Kg7 35. Rxd6 Qh2 36. Rd3 c2 0-1

[Event "C.to Europeo U18 femminile"]
[Site "Peniscola ESP"]
[Date "2002.09.30"]
[Round "2"]
[White "Skrochocka, Justyna"]
[Black "Costantini, Laura"]
[Result "1-0"]
[WhiteElo "2096"]
[BlackElo "2047"]
[PlyCount "65"]
[EventDate "2002.09.29"]

1. e4 c5 2. Nf3 d6 3. d4 cxd4 4. Nxd4 Nf6 5. Nc3 a6 6. Be2 e5 7. Nb3 Be7 8. O-O
O-O 9. Kh1 b6 10. f4 Bb7 11. Bf3 b5 12. a3 Nbd7 13. Qe1 exf4 14. Bxf4 Ne5 15.
Rd1 Qc7 16. Nd4 Nc4 17. Bc1 Rac8 18. Qg3 Kh8 19. Nf5 Ne8 20. Nxe7 Qxe7 21. Nd5
Bxd5 22. exd5 Nf6 23. Rde1 Qc7 24. Bg5 Ng8 25. Be4 h6 26. Qh3 Rce8 27. Qf5 Rxe4
28. Rxe4 hxg5 29. Qxg5 Nh6 30. Rf6 Qd8 31. Rxh6+ Kg8 32. Reh4 f6 33. Qg6 1-0

[Event "C.to Europeo U18 femminile"]
[Site "Peniscola ESP"]
[Date "2002.10.03"]
[Round "5"]
[White "Costantini, Laura"]
[Black "Simon, Zsuzsanna"]
[Result "0-1"]
[WhiteElo "2047"]
[BlackElo "2122"]
[PlyCount "67"]
[EventDate "2002.09.29"]

1. e4 e6 2. d4 d5 3. Nc3 Bb4 4. Nge2 Nc6 5. a3 Bxc3+ 6. Nxc3 dxe4 7. Bf4 Nf6 8.
Bb5 Nd5 9. Bxc6+ bxc6 10. Be5 f6 11. Bg3 Nxc3 12. bxc3 O-O 13. O-O Qd5 14. Re1
Ba6 15. Qg4 f5 16. Qg5 Rf6 17. Be5 Rg6 18. Qe3 Qd8 19. Kh1 Qe7 20. Reb1 Rf8 21.
Rb4 Qh4 22. Bf4 Rg4 23. g3 Qh3 24. Rg1 Rg6 25. c4 c5 26. Ra4 cxd4 27. Qxd4 Bb7
28. Rxa7 Ba8 29. Qe3 Rd8 30. Rxc7 Kh8 31. c5 Bd5 32. c6 Ra8 33. Ra7 Rxa7 34.
Qxa7 0-1